| 000 | 00747nmc a2200277 a 4500 | ||
|---|---|---|---|
| 003 | AR-BaBNM | ||
| 005 | 20251128210940.0 | ||
| 008 | 221120s1987 ||||||||||||||000 | spa|| | ||
| 020 | _a956-13-0390-5 | ||
| 040 | _cAR-BaBNM | ||
| 100 | 1 | _aCondemarín, Mabel | |
| 245 | 1 | 0 | _aEl programa de lectura silenciosa sostenida |
| 250 | _a2ª ed. | ||
| 260 |
_aSantiago _bEditorial Andrés Bello _c1987 |
||
| 300 | 0 | _a56 p. | |
| 490 | 0 |
_aBiblioteca saber _vv. 6 |
|
| 500 | 0 | _aContiene referencias bibliográficas | |
| 650 | 4 | _aHABITO DE LECTURA | |
| 650 | 4 | _aLECTURA SILENCIOSA | |
| 650 | 4 | _aPROGRAMAS DE LECTURA | |
| 651 | 4 | _aChile | |
| 653 | _aENSENANZA DE LA LENGUA | ||
| 653 | _aCOMPRENSION LECTORA | ||
| 942 | _cBK | ||
| 998 | _cRAQUEL | ||
| 999 |
_c17591 _d17591 |
||